| 000 | 00487nam a2200157Ia 4500 | ||
|---|---|---|---|
| 003 | LK-CoDNM | ||
| 008 | 010623t1976 xxu||||| |||| 00| 1 eng d | ||
| 040 |
_aLK-CoDNM _dLK-CoDNM _eLK-CoDNM |
||
| 041 | _aeng | ||
| 080 | _a335 (430) HON | ||
| 100 | _aHonecker,Erich | ||
| 245 | _aReport of the Central Committee to the 9th Congress of the Socialist Unity Party of Germany | ||
| 260 |
_b9th Congress of the Socialist Unity Party _aBerlin _c1976 |
||
| 300 | _bp.171, 16.5 cm | ||
| 942 | _cBK | ||
| 999 |
_c109840 _d109840 |
||